000 00632nam a2200241Ia 4500
003 OSt
005 20221005073150.0
006 a|||||r|||| 00| 0
007 ta
008 221004b |||||||| |||| 00| 0 eng d
024 _a103076
037 _cTextual
040 _aCRL
_cCRL
_beng
041 _2eng
_aeng
082 _aQ7xN25, N8
100 _aKhan Maulana Wahiduddin
_926820
245 0 _aPrinciples of Islam
260 _aNew Delhi
_bGoodword Books India
_c1998
300 _a172p.
_ccm.
650 _aRELIGION
942 _hQ7xN25, N8
_cTEXL
_2cc
999 _c980677
_d980677